| 000 | 01363cad a22002175a 4500 | ||
|---|---|---|---|
| 001 | L156976 | ||
| 008 | 120803s2012 xxk 000 0 eng d | ||
| 035 | _a(Sirsi) u156976 | ||
| 041 | 0 | _aeng | |
| 110 | 2 |
_aJones Lang LaSalle _93755 |
|
| 245 | 0 | 0 |
_aSub-Saharan Africa _b a region with opportunities amid transparency challenges |
| 260 |
_a[S.l. _bJLL _c2012 |
||
| 490 | 0 |
_aJones Lang LaSalle Global Real Estate Transparency Index Global Foresight Series _vJuly 2012 |
|
| 520 | _aFollowing the 2012 Jones Real Estate Transparency Index 2012 this report assesses the opportunities and transparency challenges within this key emerging region. Africa is increasingly being viewed as an emerging investment destination and crucial growth market. Yet the lack of transparency around these markets makes many firms wary. Although the region's future seems to be brightening, international investors and corporate occupiers seeking to expand into Africa will need to assess the real estate and transparency challenges carefully in order to mitigate the risks. | ||
| 590 | _aKA NTK | ||
| 651 | 4 | _aAfrica | |
| 690 |
_aCommercial property _96227 |
||
| 690 |
_aResidential property _96266 |
||
| 856 | 4 | 0 |
_uhttps://www.joneslanglasalle.eu/ResearchLevel1/JLL_EMEA_CS_GRETI_Africa_Transparency_Report_July_2012.pdf _zView the report at www.joneslanglasalle.eu |
| 942 | _n0 | ||
| 999 |
_c84218 _d84218 |
||